00950 2200349 4500001002100000005001700021008004100038020001800079035002400097082001200121090001900133100002000152245011700172260003700289300003000326650002000356700001600376700002200392700001700414850001500431980001300446985000600459999001500465999001500480999001500495990001500510990001500525990001500540990001500555990001500570990001500585YOGYA-0209000003345320090227024759.0 ind  a979-514-120-1 0010-020900000033453 a658.562 a658.562bIsh P aISHIKAWA, Kaoru aPengendalian mutu terpaducKaoru Ishikawa, David J. Lu; penerjemah, H.W. Budi Santoso ; penyunting Tjun Surjaman aBandungbRemaja Rasdakaryac1992 axxi, 236 hlmbilusc24 cm aPengawasan mutu aLu. David J aBudi Santoso, H.W aCun Suryaman aYOPDYOG(B) a01-09-06 a3 a95P0076396 a95P0076395 a95P0076397 a76396-P/95 a76395-P/95 a76397-P/95 a76395-P/95 a76396-P/95 a76397-P/95